Information Storage And Retrieval Systems (Record no. 217826)

MARC details
000 -LEADER
fixed length control field 00507nam a2200169Ia 4500
008 - FIXED-LENGTH DATA ELEMENTS--GENERAL INFORMATION
fixed length control field 230714s9999 xx 000 0 und d
020 ## - INTERNATIONAL STANDARD BOOK NUMBER
International Standard Book Number 9790000000000
041 ## - LANGUAGE CODE
Language code of text/sound track or separate title eng
082 ## - DEWEY DECIMAL CLASSIFICATION NUMBER
Classification number 004.678
Item number KOW
100 ## - MAIN ENTRY--PERSONAL NAME
Personal name Kowalski G.J.
9 (RLIN) 199051
245 ## - TITLE STATEMENT
Title Information Storage And Retrieval Systems
Remainder of title Theory And Implementation
250 ## - EDITION STATEMENT
Edition statement 2nd ed.
260 ## - PUBLICATION, DISTRIBUTION, ETC. (IMPRINT)
Name of publisher, distributor, etc. Springer
365 ## - TRADE PRICE
Currency code Rs.
Price amount 950.00
700 ## - ADDED ENTRY--PERSONAL NAME
Personal name Kowalski G.J. & Maybury M.T.
9 (RLIN) 199052
906 ## - LOCAL DATA ELEMENT F, LDF (RLIN)
d O:0512822-Jun-2016B:IN 17017-Jun-2016
c COMP
b 475

No items available.